Normal view MARC view
  • Ortega Sánchez, Edgar Ricardo

Entry Nombre Personal

Number of records used in: 1

001 - NUMERO DE CONTROL

  • campo de control: 59566

003 - IDENTIFICADOR DE NUMERO DE CONTROL

  • campo de control: UPN

005 - FECHA Y HORA DE LA ÜLTIMA TRANSACCIÓN

  • campo de control: 20260519111048.0

008 - DATOS DE LONGITUD FIJA

  • campo de control de longitud fija: 260519|| acz||aabn | a|a d

024 ## - OTROS IDENTIFICADORES NORMALIZADOS

  • Fuente: orcid
  • Número normalizado o código: https://orcid.org/0000-0001-5802-373X

040 ## - FUENTE DE CATALOGACIÓN

  • Agencia original de catalogación: MX-MxUPN

100 1# - ENCABEZAMIENTO - NOMBRE PERSONAL

  • Nombre personal: Ortega Sánchez, Edgar Ricardo

370 ## - LUGAR ASOCIADO

  • Place of birth: Durango, México

372 ## - CAMPO DE ACTIVIDAD

  • Field of activity: Ciencias de la educaciòn
  • Field of activity: Docencia e investigación

373 ## - GRUPO ASOCIADO

  • Associated group: Centro de Investigación e Innovación para el Desarrollo Educativo

374 ## - OCUPACIÓN

  • Occupation: Doctor en Ciencias de la Educación
  • Occupation: Profesor e investigador universitario

670 ## - FUENTE EN LA QUE SE LOCALIZARON DATOS

  • Cita de la fuente: En recurso en línea: Investigación educativa duranguense, Vol. 27 no. 26, (2026):
  • Información localizada: página 1 (Edgar Ricardo Ortega Sánchez)
  • Uniform Resource Identifier: https://editorialupd.mx/revistas/index.php/ined/article/view/236/290

902 ## - CATALOGADOR

  • Catalogador: RGJD/190526